000 00914cam a22002893a 4500
001 24402
003 PGUSA
005 20140828083524.0
008 080122s2008||||xxu|||||s|||||000 | eng d
040 _aPGUSA
_beng
042 _adc
050 4 _aQK
050 4 _aSB
100 1 _aSaunders, William,
_d1822-1900
245 1 0 _aCatalogue of Economic Plants in the Collection of the U. S. Department of Agriculture
_h[electronic resource] /
_cWilliam Saunders
260 _bProject Gutenberg,
_c2008
506 _aPublic domain in the USA.
516 _aElectronic text
653 _aBotany, Economic -- Catalogs and collections
653 _aBotany
653 _aAgriculture
653 _aPlants, Useful -- Catalogs and collections
653 _aUnited States. Dept. of Agriculture -- Catalogs
830 0 _aProject Gutenberg
_v24402
856 4 0 _uhttp://www.gutenberg.org/ebooks/24402
942 _cEB
999 _c253657
_d253657